County Dublin Quiz - Statistics

General Stats
  • This quiz has been taken 36 times
  • The average score is 14 of 20
Answer Stats
Hint Answer % Correct
County town of Dublin Dublin City
97%
The oldest university in Ireland, founded in 1592 Trinity College
97%
Province Dublin is in Leinster
91%
Longest river that flows through the county town Liffey
91%
Stadium used for Gaelic football and hurling matches Croke Park
88%
Main street in the county town where the above is located O' Connell Street
81%
Stadium used for rugby and association football matches Aviva Stadium
78%
Headquarters of An Post, which also held a major role in the Easter Rising of 1916 GPO
78%
Stainless steel monument that looks like a large pole The Spire
78%
Name of the tram system in Dublin Luas
75%
Bordering counties Meath
72%
Largest park in Dublin Phoenix Park
72%
Bordering counties Kildare
69%
Residence of the president that is located in the premises of the above Áras an Uachtaráin
66%
Railway network serving the coastline and county town of Dublin opened in 1984 (abbreviation) DART
66%
Author who wrote the books "Ulysses" and "Finnegan's Wake" James Joyce
66%
Bordering counties Wicklow
66%
Lower house of the Irish Parliament Dáil Éireann
56%
Author who wrote the book "Dracula" Bram Stoker
47%
Highest point in County Dublin Kippure
3%
No matching quizzes found
Score Distribution
Percent of People with Each Score
Percentile by Number Answered
Your Score History
You have not taken this quiz